The law and practice concerning occupational health in the member states of the European Community / (Record no. 89694)

MARC details
000 -LEADER
campo de control de longitud fija 00565nam a2200157 i 4500
001 - NÚMERO DE CONTROL
campo de control 89694
003 - IDENTIFICADOR DE NÚMERO DE CONTROL
campo de control ES-MaACL
005 - FECHA Y HORA DE LA ÚLTIMA TRANSACCIÓN
campo de control 20230906180241.0
007 - CAMPO FIJO DE DESCRIPCIÓN FÍSICA--INFORMACIÓN GENERAL
campo de control de longitud fija t|
008 - DATOS DE LONGITUD FIJA--INFORMACIÓN GENERAL
campo de control de longitud fija 050112s1985 xxk ||||1| eng d
245 04 - MENCIÓN DEL TÍTULO
Título The law and practice concerning occupational health in the member states of the European Community /
Mención de responsabilidad, etc. Environmental Resources Ltd for the Commission of the European Communities.
260 ## - PUBLICACIÓN, DISTRIBUCIÓN, ETC.
Lugar de publicación, distribución, etc. London :
Nombre del editor, distribuidor, etc. Graham & Trotman Ltd.,
Fecha de publicación, distribución, etc. 1985.
300 ## - DESCRIPCIÓN FÍSICA
Extensión 5 v. ;
Dimensiones 23 cm.
710 2# - ENTRADA AGREGADA--NOMBRE DE ENTIDAD CORPORATIVA
Nombre de entidad corporativa o nombre de jurisdicción como elemento de entrada Comisión Europea.
9 (RLIN) 3143
852 ## - LOCALIZACIÓN
Ubicación ES-MaACL
Número de control de estantería L-11819-23
Sublocalización o colección R.112428
Holdings
Estatus retirado Estado de pérdida Estado de daño No para préstamo Biblioteca de origen Biblioteca actual Ubicación en estantería Fecha de adquisición Fuente de adquisición Total de préstamos Signatura topográfica completa Código de barras Visto por última vez Precio de reemplazo Tipo de ítem Koha
        Biblioteca del Ateneo de Madrid Biblioteca del Ateneo de Madrid Depósito 2 17/01/2008     L-11819-23 1093675 23/02/2023 23/02/2023 Libro impreso